Football: 11 de chaque pays de l'Euro 2024 - Statistiques

Statistiques générales
  • Ce quiz a été pris 140 fois
  • Le résultat moyen est 60 sur 264
Statistiques - réponses
Pays Poste Joueurs % Correct
Allemagne Gardien Neuer
88%
Attaquant Mbappe
77%
Attaquant Musiala
76%
Défenseur Hernandez
73%
France Gardien Maignan
73%
Attaquant Yamal
72%
Défenseur Kimmich
71%
Attaquant Dembele
68%
Espagne Gardien Simon
66%
Défenseur Saliba
65%
Défenseur Upamecano
65%
Attaquant Kane
64%
Milieu Tchouameni
64%
Défenseur Kounde
63%
Angleterre Gardien Pickford
63%
Milieu Kroos
61%
Suisse Gardien Sommer
61%
Italie Gardien Donnarumma
60%
Milieu Kante
60%
Attaquant Morata
60%
Milieu Rabiot
60%
Attaquant Ronaldo
60%
Défenseur Rudiger
60%
Milieu Modric
59%
Attaquant Williams
59%
Milieu Bellingham
58%
Attaquant Kolo Muani
58%
Milieu Rodri
58%
Défenseur Carvajal
57%
Défenseur Tah
57%
Milieu Xhaka
57%
Défenseur Walker
54%
Milieu De Bruyne
53%
Défenseur Le Normand
53%
Défenseur Laporte
52%
Attaquant Lewandowski
52%
Attaquant Foden
51%
Milieu Vitinha
51%
Milieu Can
50%
Défenseur Dias
50%
Attaquant Lukaku
50%
Attaquant Sane
50%
Milieu Barella
49%
Défenseur Mendes
49%
Milieu Olmo
49%
Milieu Rice
49%
Attaquant Saka
49%
Défenseur Cucurella
48%
Milieu Ruiz
48%
Défenseur Stones
48%
Défenseur Van Dijk
48%
Milieu Eriksen
47%
Attaquant Guler
47%
Défenseur Akanji
46%
Attaquant Leao
46%
Milieu Silva
46%
Attaquant Embolo
45%
Défenseur Robertson
45%
Attaquant Mikautadze
44%
Attaquant Depay
43%
Milieu Fernandes
43%
Défenseur Gvardiol
43%
Défenseur Pepe
43%
Portugal Gardien Costa
42%
Attaquant Doku
42%
Slovénie Gardien Oblak
42%
Danemark Gardien Schmeichel
42%
Défenseur Bastoni
41%
Défenseur Cancelo
40%
Milieu Szoboszlai
40%
Attaquant Havertz
39%
Croatie Gardien Livakovic
39%
Milieu Mctominay
38%
Attaquant Chiesa
37%
Milieu Kovacic
37%
Attaquant Kvaratskhelia
35%
Milieu Simons
35%
Milieu Gundogan
34%
Défenseur Shaw
33%
Attaquant Gakpo
31%
Défenseur Ake
30%
Milieu Brozovic
30%
Belgique Gardien Casteels
30%
Défenseur Guehi
30%
Défenseur Dumfries
29%
Défenseur Raum
29%
Défenseur Rodriguez
29%
Milieu Sabitzer
29%
Attaquant Varga
29%
Attaquant Kramaric
28%
Géorgie Gardien Mamardashvili
28%
Défenseur Orban
28%
Attaquant Sesko
28%
Attaquant Arnautovic
27%
Hongrie Gardien Gulacsi
27%
Attaquant Hojlund
27%
Attaquant Mitrovic
27%
Défenseur Schar
27%
Milieu Zielinski
26%
Défenseur Christensen
25%
Défenseur Di Lorenzo
25%
Attaquant Man
25%
Milieu Mcginn
25%
Attaquant Yildiz
25%
Milieu Onana
24%
Attaquant Vargas
24%
Milieu Freuler
23%
Défenseur Vertonghen
23%
Attaquant Yilmaz
23%
Milieu Calhanoglu
21%
Milieu Carrasco
21%
Défenseur De Vrij
21%
Milieu Ndoye
21%
Défenseur Castagne
20%
Attaquant Dovbyk
20%
Milieu Laimer
19%
Défenseur Theate
19%
Défenseur Faes
18%
Attaquant Sallai
18%
Attaquant Dragus
17%
Milieu Hojbjerg
17%
Attaquant Malen
17%
Attaquant Openda
17%
Attaquant Scamacca
17%
Défenseur Skriniar
17%
Pays-Bas Gardien Verbruggen
17%
Attaquant Adams
16%
Milieu Gilmour
16%
Défenseur Kiwior
16%
Milieu Mainoo
16%
Milieu Reijnders
16%
Défenseur Darmian
15%
Défenseur Pavlovic
15%
Défenseur Danso
14%
Milieu Delaney
14%
Défenseur Dragusin
14%
Milieu Frankowski
14%
Attaquant Hagi
14%
Milieu Palhinha
14%
Défenseur Bah
13%
Attaquant Baumgartner
13%
Milieu Fagioli
13%
Milieu Soucek
13%
Ukraine Gardien Trubin
13%
Milieu Lobotka
12%
Défenseur Milenkovic
12%
Milieu Stanciu
12%
Albanie Gardien Strakosha
12%
Défenseur Andersen
11%
Défenseur Coufal
11%
Défenseur Maehle
11%
Milieu Pasalic
11%
Défenseur Stanisic
11%
Milieu Aebischer
10%
Milieu Marin
10%
Défenseur Hancko
9%
Défenseur Kadioglu
9%
Défenseur Mykolenko
9%
Milieu Sudakov
9%
Défenseur Sutalo
9%
Défenseur Zabarnyi
9%
Défenseur Bednarek
8%
Défenseur Bardacki
7%
Défenseur Djimsiti
7%
Slovaquie Gardien Dubravka
7%
Milieu Ilic
7%
Défenseur Mancini
7%
Attaquant Olsen
7%
Milieu Schouten
7%
Milieu Duda
6%
Défenseur Muldur
6%
Serbie Gardien Rajkovic
6%
Milieu Shaparenko
6%
Attaquant Yaremchuk
6%
Milieu Zalewski
6%
Attaquant Bajrami
5%
Milieu Cristante
5%
Milieu Gudelj
5%
Attaquant Hlozek
5%
Milieu Mcgregor
5%
Milieu Ozcan
5%
Autriche Gardien Pentz
5%
Pologne Gardien Skorupski
5%
Milieu Aslani
4%
Attaquant El Shaarawy
4%
Ecosse Gardien Gunn
4%
Turquie Gardien Gunok
4%
Défenseur Mwene
4%
Attaquant Rieder
4%
Attaquant Schmid
4%
Milieu Seiwald
4%
Défenseur Vestegaard
4%
Défenseur Jurasek
3%
Milieu Kucka
3%
Milieu Laci
3%
Milieu Lukic
3%
Milieu Moder
3%
Défenseur Pekarik
3%
Défenseur Posch
3%
Défenseur Ratiu
3%
Attaquant Schranz
3%
Milieu Szymanski
3%
Défenseur Zivkovic
3%
Défenseur Akaydin
2%
Défenseur Ayhan
2%
Milieu Barak
2%
Défenseur Bijol
2%
Défenseur Bolla
2%
Défenseur Botka
2%
Défenseur Dardai
2%
Défenseur Hanley
2%
Attaquant Haraslin
2%
Défenseur Hendry
2%
Défenseur Holes
2%
Défenseur Karnicnik
2%
Défenseur Kashia
2%
Milieu Kochorashvili
2%
Défenseur Krejcki
2%
Défenseur Lochoshvili
2%
Milieu Mlakar
2%
Milieu Provod
2%
Attaquant Samardzic
2%
Milieu Schafer
2%
Milieu Stojanovic
2%
Attaquant Strelec
2%
Milieu Styles
2%
Milieu Susic
2%
Attaquant Urbanski
2%
Défenseur Vavro
2%
Défenseur Ajeti
1%
Attaquant Asani
1%
Défenseur Balliu
1%
Défenseur Burca
1%
Milieu Chakvetadze
1%
Attaquant Chytil
1%
Défenseur Dawidowicz
1%
Défenseur Drkusic
1%
Défenseur Dvali
1%
Milieu Elsnik
1%
Défenseur Hranac
1%
Défenseur Kakabadze
1%
Milieu Kiteishvili
1%
Défenseur Lienhart
1%
Attaquant Manaj
1%
Défenseur Matviienko
1%
Défenseur Mckenna
1%
Défenseur Milos
1%
Défenseur Mitaj
1%
Défenseur Mogos
1%
Roumanie Gardien Nita
1%
Défenseur Pongracic
1%
Défenseur Ralston
1%
Milieu Ramadani
1%
Attaquant Sporar
1%
Tchéquie Gardien Stanek
1%
Défenseur Svatok
1%
Défenseur Tymchyk
1%
Défenseur Veljkovic
1%
Défenseur Balkovec
0%
Milieu Brazkho
0%
Défenseur Gvelesiani
0%
Défenseur Mijailovic
0%
Milieu Serin
0%
Aucun quiz correspondant
Distribution des résultats
% des personnes avec chaque résultat
Percentile par nombre de réponses
Votre historique - résultats
Vous n’avez pas pris ce quiz